Klenbový účinok a riziko hydraulického potrhania tesniaceho jadra sypaných hrádzí

Uložené v:
Podrobná bibliografia
Hlavný autor: Bakeš, Martin (Autor)
Ďalší autori: Bednárová, Emília (Vedúci práce)
Médium: Rukopis Kniha
Jazyk:Slovak
Vydavateľské údaje: 2019
Predmet:
On-line prístup:http://is.stuba.sk/zp/portal_zp.pl?podrobnosti=133890
Tagy: Pridať tag
Žiadne tagy, Buďte prvý, kto otaguje tento záznam!

MARC

LEADER 00000ntm a22000003a 4500
001 stuzp71390
003 SK-STU
005 20190831210858.8
007 ta
008 150427s2015----xo-----f-mn---000-0-slo-d
040 |a STU  |b slo 
041 0 |a slo 
100 1 |a Bakeš, Martin  |u 010150  |k Z9  |4 aut  |U SvF Stavebná fakulta  |T SvF Katedra geotechniky  |X 50490  |U V150  |Y 15  |7 A000050490 
242 0 1 |a Arching effect and risk of hydraulic fracturing in central core of embankment dams  |y eng 
245 1 0 |a Klenbový účinok a riziko hydraulického potrhania tesniaceho jadra sypaných hrádzí 
260 |c 2019 
650 4 |a klenbový účinok  |2 slo 
650 4 |a hydraulické potrhanie  |2 slo 
650 4 |a napätostno-deformačná analýza  |2 slo 
650 4 |a arching effect  |2 eng 
650 4 |a hydraulic fracturing  |2 eng 
650 4 |a stress-strain analysis  |2 eng 
700 1 |a Bednárová, Emília  |u 010150  |k Z1  |4 ths  |U SvF Stavebná fakulta  |T SvF Katedra geotechniky  |X 1011  |U V150  |Y 15  |7 A000001011 
856 4 |u http://is.stuba.sk/zp/portal_zp.pl?podrobnosti=133890 
996 |b 284V041480  |c V* 3442/DP-1372  |l VVS  |s P  |a 0  |w stuzp71390_0001